Charles Dickens Books - Sudden Death - Statistics

General Stats
  • This quiz has been taken 256 times
  • The average score is 12 of 15
Answers on the Grid
Answers color-coded by a green-red scale on the quiz's grid according to % correct below.
War and Peace
Uncle Tom's Cabin
Ulysses
Tom Sawyer
To Kill a Mockingbird
The Grapes of Wrath
Rebecca
Pride and Prejudice
Les Misérables
Jane Eyre
Hamlet
Far from the Madding Crowd
Catch 22
Lord of the Flies
Tess of the d'Urbervilles
Animal Farm
Brave New World
The Pickwick Papers
The Old Curiosity Shop
The Mystery of Edwin Drood
Our Mutual Friend
Oliver Twist
Nicholas Nickleby
Martin Chuzzlewit
Little Dorrit
Hard Times
Great Expectations
Dombey and Son
David Copperfield
Bleak House
Barnaby Rudge
A Tale of Two Cities
 
Answer Stats
Answer % Correct
Oliver Twist
93%
David Copperfield
91%
Great Expectations
91%
A Tale of Two Cities
89%
Nicholas Nickleby
83%
The Pickwick Papers
83%
Hard Times
78%
The Old Curiosity Shop
77%
Bleak House
76%
Martin Chuzzlewit
74%
The Mystery of Edwin Drood
74%
Barnaby Rudge
71%
Little Dorrit
70%
Dombey and Son
68%
Our Mutual Friend
68%
No matching quizzes found
Score Distribution
Percent of People with Each Score
Percentile by Number Answered
Your Score History
You have not taken this quiz